1525 1871 1355 1448 1890 1672 1889 1203 1591 1437 1110 1047 1922 1683 1169 1846 1500 1014 1212 1188 1350 1424 1804 1674 1445 1027 1076 1192 1707 1053 1042 1570 1615 1397 1047 1929 1446 1637 1981 1646 1422 1980 1748 1496 1046 1330 1448 1632 1485 1891 1616 1930 1172 1312 1877 1578 1631 1797 1729 1834 1842 1866 1064 1352 1527 1082 1061 1205 1578 1386 1476 1752 1521 1487 1841 1025 1485 1971 1388 1099 1565 1058 1193 1861 1782 1224 1211 1365 1524 1983 1172 1046 1900 1206 1340 1203 1487 1533 1526 BCNSPRNW ULIB Ver.6.0+V

เปลี่ยนเป็นภาษาไทย

Change to English
 แสดงรายละเอียดบรรณานุกรม
  กลับหน้าหลัก

Brief Record : Get Marc (ISO 2709) : E-mail record : QR code < ปิดหน้าต่าง
LEADER : 00000nam 2200000uu 4500
001    13399114868
003     ULIB
008    120612s2554||||th 000 0 tha d
020    9786161106072
060  4 WA525^พ997ร
110 1  สำนักงานตรวจราชการกระทรวงสาธารณสุข สำนักงานสาธารณสุข เขต 18 นครสวรรค์
245 00 เรื่องเล่าชาสาธารณสุข เขต 18/^cสำนักงานตรวจราชการกระทรวงสาธารณสุข สำนักงานสาธารณสุข เขต 18
260    นครสวรรค์:^bทิศทางการพิมพ์,^c2554
300    232 หน้า:^bภาพประกอบ,^c21ซม
650  4 สุขภาพ
650  4 การสาธารณสุข
700 0  ไพศาล เจียนศิริจินดา
945    ^p0^l0^i032027
945    ^p0^l0^i032028
995    เกษร
999 ^a ใช้งานได้ทุกระบบ
รายการนี้ยังไม่มีแท็ก
คุณยังไม่ได้ล็อกอิน คุณสามารถมีกิจกรรมร่วมกับเว็บไซต์ได้ แต่ต้องล็อกอินก่อน ::
  ล็อกอิน

รายการสื่อสารสนเทศ

ลำดับที่ ประเภท เลขเรียก/บาร์โค้ด สถานที่ สถานะ
1. วิทยาศาสตร์การแพทย์ และสุขภาพ
หนังสือสำรอง
สถานะ=หนังสือสำรอง
WA525^พ997ร  
  Barcode: 032027
ห้องสมุดวิทยาเขตสวรรค์ประชารักษ์
►ส่วนจัดเก็บหนังสือเก่า สปร
บนชั้น
  ขอยืม
2. วิทยาศาสตร์การแพทย์ และสุขภาพ
วิทยาศาสตร์การแพทย์ และสุขภาพ
WA525^พ997ร ฉ.2 
  Barcode: 032028
ห้องสมุดวิทยาเขตสวรรค์ประชารักษ์
►ส่วนจัดเก็บหนังสือเก่า สปร
บนชั้น
  ขอยืม

รายการใกล้เคียง
    หัวเรื่อง [สุขภาพ]
    หัวเรื่อง [การสาธารณสุข]

BibComment


ยังไม่เคยถูกคอมเมนท์

คอมเมนท์ทรัพยากรรายการนี้
  คอมเมนท์: เรื่องเล่าชาสาธาร..


 Copyright 2026. Bcnsprnw @Library